| 000 | 00498nam a2200157 4500 | ||
|---|---|---|---|
| 008 | 020221s1910 enk engYA | ||
| 090 |
_aBL1801 _bD36r |
||
| 100 | 1 | _aDegroot, J. J. M. | |
| 245 | 1 | 0 |
_aThe religion of the Chinese / _cJ. J. M. Degroot. |
| 260 |
_aNew York ; MacMillan Company, _cc1910. |
||
| 300 | _avii, 230 p. | ||
| 500 | _a[xeroxed copy] | ||
| 650 | 4 |
_aChina _xReligion. |
|
| 951 |
_p22041 _x00020682 _oBL1801/D36r _j070613111047281 _d2000-12-21 _cGC |
||
| 999 |
_c7673 _d7673 |
||